Biggest Cities in New York in 1900 - Statistics

General Stats
  • This quiz has been taken 15 times
  • The average score is 14 of 20
Answer Stats
Pop. City County % Correct
94,150 Albany (name)
100%
352,390 Buffalo Erie
100%
3,437,200 New York 5
100%
162,610 Rochester Monroe
100%
108,370 Syracuse Onondaga
93%
47,930 Yonkers Westchetser
93%
60,650 Troy Rensselaer
87%
39,650 Binghamton Broome
80%
24,030 Poughkeepsie Dutchess
80%
31,680 Schenectady (name)
80%
56,380 Utica Oneida
80%
30,350 Auburn Cayuga
60%
35,670 Elmira Chemung
60%
22,890 Jamestown Chautauqua
53%
21,700 Watertown Jefferson
53%
24,940 Newburgh Orange
47%
22,200 Oswego (name)
47%
24,540 Kingston Ulster
40%
20,930 Amsterdam Montgomery
27%
21,230 Mt Vernon Westchester
13%
No matching quizzes found
Score Distribution
Percent of People with Each Score
Percentile by Number Answered
Your Score History
You have not taken this quiz